Cyklus poviedok Jamesa Joycea

Bibliographic Details
Main Author: (bk) (Author)
Format: Article
Language:Slovak
PhysicalDescription:Fot. 1.
Subjects:

MARC

LEADER 00000nab a2200000 a 4500
001 vtls000454858
003 SK-MaSNL
005 20260304011500.0
008 120926c1992 xo 0 slo
015 |a SNBRB19rr/mm-uuuuu 
035 |a CL0454989 
040 |a SNKBUCL  |b slo  |c SNKBUCL  |e AACR2 
041 0 |a slo 
044 |a xo  |c SK 
080 |a 82:7.096  |2 1981 
080 |a 7.096  |2 1981 
080 |a 820 (417)  |2 1981 
100 1 |a (bk)  |4 aut  |9 882058 
245 1 0 |a Cyklus poviedok Jamesa Joycea  |c (bk) ; James Joyce 
300 |b Fot. 1. 
600 1 7 |a Joyce, James,  |d 1882-1941,  |2 snkbucl  |9 92805 
600 1 7 |a Joyce, James,  |d 1882-1941  |2 snkbucl  |9 92805 
610 2 7 |a Slovenský rozhlas  |2 snkbucl  |9 145763 
651 7 |a 5100  |2 snkbucl  |9 166206 
655 7 |a články z novín a časopisov  |2 snkbucl  |9 267496 
655 7 |a články z odboru literárna veda a krásna literatúra  |2 snkbucl  |9 770045 
773 0 |t Rozhlas a televízia  |g Roč. 53, č. 21 (1992), s. /10/ 
850 |a Slovenská národná knižnica v Martine  |a MTA001 
852 |a SNK  |b KIS3GCP 
958 |a RK 
958 |a LX 
992 |a RBX 
999 |c 2566613  |d 2568543